UM Logo
Normal view MARC view
  • Energy Resources.

Entry Topical Term

Number of records used in: 1

001 - CONTROL NUMBER

  • control field: 46791

003 - CONTROL NUMBER IDENTIFIER

  • control field: OSt

005 - DATE AND TIME OF LATEST TRANSACTION

  • control field: 20221114155636.0

008 - FIXED-LENGTH DATA ELEMENTS

  • fixed length control field: 221114|| aca||aabn | a|a d

040 ## - CATALOGING SOURCE

  • Original cataloging agency: OSt
  • Transcribing agency: OSt

150 ## - HEADING--TOPICAL TERM

  • Topical term or geographic name entry element: Energy Resources.

670 ## - SOURCE DATA FOUND

  • Source citation: Work cat.: (OSt): Kabiling, Genalyn D. 46790, DOE pushes use of nuclear energy in PH /, March 4, 2020.